000
00321 a2200145 4500
001
180425
020
_a
040
_c
Magnum
100
_a
Alencar, José de
240
1
0
_a
O guarany vol.2 / bentivegna
_l
por
245
1
0
_a
O guarany vol.2 / bentivegna
362
0
_a
1899
697
_a
MAGNITO: A/ROMANCE
942
_c
BK
999
_c
180425
_d
180425